LEADER 01359nam a2200277 a 4500 001 000000154006 003 CaOOAMICUS 005 20160916134230.0 008 160916s1939 it u000 u ger r 032 $aLibriCat 040 $aPUL$bita 100 1 $aDecker, Bruno,$d1907-1961.$0(OLS)http://pul/name/13466 245 14$aDie Analyse des Offenbarungsvorganges beim hl. Thomas im Licht vorthomistischer Prophetietraktate /$cBruno Decker. 260 $aRoma :$bPontificio Ateneo "Angelicum",$c1939. 300 $a52 p. ;$c25 cm. 500 $aEx. ex periodico Angelicum, vol. XVI (1939), fasc. 2. 502 $aTesi -- Pontificium Institutum Angelicum de Urbe, Facultate Sacrae Theologiae, 1939. 504 $aBibliografia in nota. 600 04$aThomas Aquinas,$cs.,$dc. 1225-1274$xCritica e interpretazione.$0(OLS)http://pul/subject/435 710 2 $aPontificio Ateneo Angelicum.$bFacoltą di Teologia.$kTesi.$0(OLS)http://pul/name/97565 850 $aPUL 852 $aPUL$W1$xDP1 Tesi Pon. Univ. S. Tommaso$y44$mTH S.THOM TH78$j177001$qTesi$B179981$CPULBib$Z2$F179981 $81 941 1 $a16 996 $6245$aDie Analyse des Offenbarungsvorganges beim hl. Thomas im Licht vorthomistischer Prophetietraktate$9(OLS)http://pul/title/193583 996 $6260$aRoma :$bPontificio Ateneo "Angelicum"$9(OLS)http://pul/publisher/75280 LEADER 01434nam a2200325 u 4500 001 000000018414 003 CaOOAMICUS 005 20250328122459.0 008 950314s1980 it u000 u ita u 035 $a10434115 040 $aPUL(R)$bita 041 1 $aita$hger 100 1 $aBloch, Ernst,$d1885-1977.$0(OLS)http://pul/name/9240 240 10$aExperimentum Mundi. Frage, Kategorien des Herausbringens, Praxis.$lItaliano.$0(OLS)http://pul/title/26229 245 10$aExperimentum mundi :$bla domanda centrale, le categorie del portar-fuori, la prassi /$cErnst Bloch ; edizione italiana a cura di Gerardo Cunico ; traduzione di Gerardo Cunico. 260 $aBrescia :$bQueriniana,$c1980. 300 $a306 p. ;$c24 cm 490 1 $aBiblioteca di cultura ;$v1 500 $aContiene indice. 504 $aBibliografia in nota. 650 4$aFilosofia.$0(OLS)http://pul/subject/362 700 1 $aCunico, Gerardo,$d1949-$0(OLS)http://pul/name/12893 830 0$aBiblioteca di cultura (Queriniana) ;$v1.$0(OLS)http://pul/title/14202 850 $aPUL 852 $aPUL$W1$xSL Religione 1$y3$m58 L 49$j25945$n $b $qStampati$B25945$CPULBib$Z2$F25945 $81 941 1 $a8 961 $aINV: 50105 996 $6245$aExperimentum mundi :$bla domanda centrale, le categorie del portar-fuori, la prassi$9(OLS)http://pul/title/26230 996 $6260$aBrescia :$bQueriniana$9(OLS)http://pul/publisher/47906